[Event "World ol U16 09th"]
[Site "Burdur"]
[Date "2010.11.29"]
[Round "5"]
[White "Alekseenko, Kirill"]
[Black "Biazliudau, Stanislau"]
[Result "1-0"]
[WhiteElo "2284"]
[BlackElo "2205"]
[PlyCount "79"]
[EventDate "2010.11.27"]
[EventType "team-swiss"]
[EventRounds "10"]
[EventCountry "TUR"]
[SourceTitle "CBM 139 Extra"]
[Source "ChessBase"]
[SourceDate "2011.01.05"]
[SourceVersion "1"]
[SourceVersionDate "2011.01.05"]
[SourceQuality "1"]
[WhiteTeam "Russia"]
[BlackTeam "Belarus"]
[WhiteTeamCountry "RUS"]
[BlackTeamCountry "BLR"]

1. e4 e6 2. Nf3 d5 3. Nc3 Nf6 4. e5 Nfd7 5. d4 c5 6. dxc5 Bxc5 7. Bd3 Nc6 8. Bf4 a6 9. Qe2 Nd4 10. Nxd4 Bxd4 11. 0-0 Qc7 12. Rae1 Bxc3 13. bxc3 Qxc3 14. Qg4 g6 15. Qh4 Qb4 16. Rb1 Qf8 17. Bh6 Qe7 18. Bg5 Qf8 19. Bh6 Qe7 20. Qa4 Rg8 21. Bc1 Qc5 22. Ba3 Qc7 23. Bd6 Qd8 24. Rb4 b5 25. Bxb5 axb5 26. Qxa8 Nb6 27. Qa7 Nc4 28. Rxb5 Nxd6 29. exd6 Qxd6 30. Rb8 Qd7 31. Qc5 Kd8 32. Rfb1 Qc7 33. Qd4 Re8 34. c3 h5 35. a4 Kd7 36. Ra8 Qd6 37. Ra7+ Kd8 38. Qf6+ Re7 39. Rb8 Qxh2+ 40. Kxh2 1-0

[Event "World ol U16 09th"]
[Site "Burdur"]
[Date "2010.11.27"]
[Round "1"]
[White "Gladstone, Simon"]
[Black "Biazliudau, Stanislau"]
[Result "0-1"]
[WhiteElo "1944"]
[BlackElo "2205"]
[PlyCount "72"]
[EventDate "2010.11.27"]
[EventType "team-swiss"]
[EventRounds "10"]
[EventCountry "TUR"]
[SourceTitle "CBM 139 Extra"]
[Source "ChessBase"]
[SourceDate "2011.01.05"]
[SourceVersion "1"]
[SourceVersionDate "2011.01.05"]
[SourceQuality "1"]
[WhiteTeam "Canada"]
[BlackTeam "Belarus"]
[WhiteTeamCountry "CAN"]
[BlackTeamCountry "BLR"]

1. e4 e6 2. d4 d5 3. Nd2 dxe4 4. Nxe4 Nf6 5. Nxf6+ Qxf6 6. Nf3 h6 7. Bd3 Bd6 8. 0-0 0-0 9. c3 Nd7 10. Bd2 Rd8 11. Qe2 Qe7 12. Rae1 c6 13. Qe4 Nf8 14. Ne5 f5 15. Qf3 Bxe5 16. Rxe5 Ng6 17. Re2 Qf6 18. Rfe1 Ne7 19. Bf4 Qf7 20. Be5 Nd5 21. Kh1 b6 22. Bc4 Bb7 23. Bxd5 Rxd5 24. Bf4 Re8 25. Qg3 Kh7 26. Be5 Ba6 27. Re3 c5 28. Qh4 g5 29. Qh3 cxd4 30. Bxd4 Bb7 31. Re5 Rxe5 32. Rxe5 Qg6 33. Qe3 Bd5 34. a3 f4 35. Qe1 Qd3 36. h3 Qxh3+ 0-1

[Event "Wch U10"]
[Site "Belfort"]
[Date "2005.07.24"]
[Round "6"]
[White "Nikologorskiy, Konstantin"]
[Black "Biazliudau, Stanislau"]
[Result "1-0"]
[WhiteElo "1599"]
[BlackElo "1599"]
[PlyCount "91"]
[EventDate "2005.07.19"]
[EventType "swiss"]
[EventRounds "11"]
[EventCountry "FRA"]
[SourceTitle "CBM 107 Extra"]
[Source "ChessBase"]
[SourceDate "2005.09.01"]
[SourceVersion "1"]
[SourceVersionDate "2005.09.01"]
[SourceQuality "1"]

1. c4 e5 2. Nc3 Nf6 3. g3 Bb4 4. Bg2 Nc6 5. Nd5 0-0 6. Nxb4 Nxb4 7. a3 Nc6 8. d3 d5 9. cxd5 Nxd5 10. Nf3 Be6 11. Ng5 Qd7 12. Nxe6 fxe6 13. 0-0 b6 14. Bd2 Rf6 15. b4 a6 16. e3 Rd8 17. Be4 Rff8 18. Qb3 Rfe8 19. Bc3 Qd6 20. Rfd1 Rd7 21. Bb2 Qf8 22. d4 exd4 23. Bxd4 Qf7 24. Qc2 Nxd4 25. Rxd4 Rf8 26. Rad1 c6 27. Bxd5 exd5 28. Rf4 Qe7 29. Rdd4 Rxf4 30. Rxf4 Rd6 31. Qf5 Rd7 32. h4 Qf7 33. Qg4 Qe7 34. Kh2 Rc7 35. Rf5 h6 36. Qd4 Qe6 37. Re5 Qf7 38. Kg2 Rb7 39. e4 Rd7 40. a4 dxe4 41. Qxe4 Qa2 42. Qxc6 Rf7 43. Re8+ Kh7 44. Qe4+ g6 45. Qd4 g5 46. h5 1-0